| 000 | 01070cai a22001815a 4500 | ||
|---|---|---|---|
| 001 | L155131 | ||
| 008 | 120305u xxk g 000 0 eng d | ||
| 035 | _a(Sirsi) u155131 | ||
| 041 | 0 | _aeng | |
| 110 | 2 |
_aUnited Kingdom _bLand Registry _94774 |
|
| 245 | 0 | 0 |
_aLand Registry Market trend data _h[electronic resource] |
| 520 | _aThe Market Trends section of the Land Registry website contains links to the Land Registry House Price Index, public data and its commercial added value services. The House Price Index is based on a data set of completed sales. It is the only index of repeat sales available at national, regional and country and London borough level. Public data includes transactional data and from March 2012 the monthly price paid data. There is a range of commercial added value services for which a charge is made. | ||
| 590 | _aKA | ||
| 651 | 4 |
_aEngland and Wales _y1543- |
|
| 690 |
_aResidential property _96266 |
||
| 856 | 4 | 0 |
_uhttps://www1.landregistry.gov.uk/market-trend-data _zView the website free of charge at www1.landregistry.gov.uk |
| 942 | _n0 | ||
| 999 |
_c120962 _d120962 |
||